Espiritualidad de la vida activa / (Record no. 138550)

MARC details
000 -LEADER
campo de control de longitud fija 00793nam a2200217 i 4500
001 - NÚMERO DE CONTROL
campo de control 138550
003 - IDENTIFICADOR DE NÚMERO DE CONTROL
campo de control ES-MaACL
005 - FECHA Y HORA DE LA ÚLTIMA TRANSACCIÓN
campo de control 20250830062952.0
007 - CAMPO FIJO DE DESCRIPCIÓN FÍSICA--INFORMACIÓN GENERAL
campo de control de longitud fija t|
008 - DATOS DE LONGITUD FIJA--INFORMACIÓN GENERAL
campo de control de longitud fija 070214s1964 sp |||| | spa d
100 1# - ENTRADA PRINCIPAL--NOMBRE DE PERSONA
Nombre de persona Sanson, Henri,
Fechas asociadas al nombre 1917-
9 (RLIN) 167496
245 10 - MENCIÓN DEL TÍTULO
Título Espiritualidad de la vida activa /
Mención de responsabilidad, etc. Henri Sanson ; [versión castellana de Julio Gómez de la Serna].
260 ## - PUBLICACIÓN, DISTRIBUCIÓN, ETC.
Lugar de publicación, distribución, etc. Barcelona :
Nombre del editor, distribuidor, etc. Herder,
Fecha de publicación, distribución, etc. 1964.
300 ## - DESCRIPCIÓN FÍSICA
Extensión 356 p. ;
Dimensiones 22 cm.
490 1# - MENCIÓN DE SERIE
Mención de serie Biblioteca Herder. Sección de teología y filosofía ;
Designación de volumen o secuencia 56
650 #7 - PUNTO DE ACCESO ADICIONAL DE MATERIA--TÉRMINO DE MATERIA
Término de materia o nombre geográfico como elemento de entrada Vida espiritual-
Subdivisión general Cristianismo
Fuente del encabezamiento o término
9 (RLIN) 158575
700 1# - ENTRADA AGREGADA--NOMBRE PERSONAL
Nombre de persona Gómez de la Serna, Julio,
Fechas asociadas al nombre 1895-1983
9 (RLIN) 57899
830 00 - PUNTO DE ACCESO ADICIONAL DE SERIE-TÍTULO UNIFORME
Título uniforme Biblioteca Herder.
Nombre de parte o sección de la obra Sección de teología y filosofía
Designación de volumen o secuencia 56
9 (RLIN) 182106
852 ## - LOCALIZACIÓN
Ubicación ES-MaACL
Número de control de estantería C-26408
Holdings
Estatus retirado Estado de pérdida Estado de daño No para préstamo Biblioteca de origen Biblioteca actual Ubicación en estantería Fecha de adquisición Fuente de adquisición Total de préstamos Signatura topográfica completa Código de barras Visto por última vez Precio de reemplazo Tipo de ítem Koha
        Biblioteca del Ateneo de Madrid Biblioteca del Ateneo de Madrid Depósito 2 17/01/2008     C-26408 1144170 23/02/2023 23/02/2023 Libro impreso